Platenie preddavkov na daň z príjmov právnickej osoby od 1. 1. 2025
Preddavok na daň je povinná platba na daň, ktorú je povinný platiť daňovník v priebehu zdaňovacieho obdobia, kedy ešte nie je známa skutočná výška dane za toto zdaňovacie obdobie. Ustanovenie § 42 ZDP bolo ostatnýkrát novelizované zákonom č. 309/2023 Z. z. Od 1. januára 2025 do (predĺženej) lehoty n...
Enregistré dans:
| Auteur principal: | |
|---|---|
| Format: | Chapitre de livre |
| Langue: | slovaque |
| Sujets: | |
| Tags: |
Pas de tags, Soyez le premier à ajouter un tag!
|
MARC
| LEADER | 00000naa a2200000 4500 | ||
|---|---|---|---|
| 001 | 0307623 | ||
| 005 | 20250313093629.1 | ||
| 041 | 0 | |a slo | |
| 044 | |a SK | ||
| 245 | 1 | 0 | |a Platenie preddavkov na daň z príjmov právnickej osoby od 1. 1. 2025 |c Sidónia Jakubovie |
| 520 | |a Preddavok na daň je povinná platba na daň, ktorú je povinný platiť daňovník v priebehu zdaňovacieho obdobia, kedy ešte nie je známa skutočná výška dane za toto zdaňovacie obdobie. Ustanovenie § 42 ZDP bolo ostatnýkrát novelizované zákonom č. 309/2023 Z. z. Od 1. januára 2025 do (predĺženej) lehoty na podanie daňového priznania za rok 2024 právnická osoba pri platení preddavkov vychádza z daňového priznania za rok 2023. | ||
| 610 | 2 | 0 | |a zdaňovanie |
| 610 | 2 | 0 | |a preddavky |
| 610 | 2 | 0 | |a dane |
| 610 | 2 | 0 | |a daňovníci |
| 610 | 2 | 0 | |a osoby právnické |
| 100 | 1 | |a Jakubovie, Sidónia | |